Nízkofrekvenční elektronika

Uložené v:
Podrobná bibliografia
Hlavný autor: Novotný, Vlastislav (Autor)
Médium: Kniha
Jazyk:Czech
Vydavateľské údaje: Brno : Vysoké učení technické v Brně, 1988
Vydanie:4. vyd.
Tagy: Pridať tag
Žiadne tagy, Buďte prvý, kto otaguje tento záznam!

MARC

LEADER 00000nam a22000003a 4500
001 stu25521
005 20150617225745.8
008 980506s1988------------------------cze-d
040 |a STU  |b slo 
041 0 |a cze 
100 1 |a Novotný, Vlastislav  |4 aut 
245 1 |a Nízkofrekvenční elektronika 
250 |a 4. vyd. 
260 |a Brno :  |b Vysoké učení technické v Brně,  |c 1988 
300 |a 205 s 
996 |b 284ES16991  |c E*S-30735  |l EE01  |s A  |a 24  |w stu25521_0003